| Tag |
First Indicator |
Second Indicator |
Subfields |
| LEADER |
00000cam a2200000La 4500 |
| 001 |
in00001626513 |
| 005 |
20220105105804.0 |
| 006 |
m u |
| 007 |
cr cn- |
| 008 |
010213s1997 dcuk s s i000 0 eng d |
| 020 |
|
|
|a 0585293481 (electronic bk.) :
|c $22.00
|
| 020 |
|
|
|z 0821339826
|
| 035 |
|
|
|a (OCoLC)ocm45731748
|
| 040 |
|
|
|a N$T
|c N$T
|d OCL
|d UtOrBLW
|
| 049 |
|
|
|a IKMN
|
| 082 |
0 |
4 |
|a 338.2/7282
|2 21
|
| 245 |
0 |
0 |
|a Procurement of crude oil/petroleum products.
|
| 250 |
|
|
|a Trial ed.
|
| 264 |
|
1 |
|a Washington, D.C. :
|b World Bank,
|c 1997.
|
| 300 |
|
|
|a v, 60 pages :
|b forms.
|
| 336 |
|
|
|a text
|b txt
|2 rdacontent
|
| 337 |
|
|
|a computer
|b c
|2 rdamedia
|
| 338 |
|
|
|a online resource
|b cr
|2 rdacarrier
|
| 500 |
|
|
|a Standard bidding documents.
|
| 533 |
|
|
|a Electronic reproduction.
|b Boulder, Colo. :
|c NetLibrary,
|d 2000.
|n Available via World Wide Web.
|n Access may be limited to NetLibrary affiliated libraries.
|
| 500 |
|
|
|a Electronic resource.
|
| 650 |
|
0 |
|a Petroleum industry and trade.
|0 http://id.loc.gov/authorities/subjects/sh85100430
|
| 655 |
|
7 |
|a Electronic books.
|2 local
|
| 710 |
2 |
|
|a NetLibrary, Inc.
|0 http://id.loc.gov/authorities/names/no99080690
|
| 710 |
2 |
|
|a World Bank.
|0 http://id.loc.gov/authorities/names/n79043403
|
| 856 |
4 |
1 |
|u https://proxy.library.tamu.edu/login?url=http://www.netLibrary.com/urlapi.asp?action=summary&v=1&bookid=33484
|z Connect to the full text of this electronic book
|t 0
|
| 994 |
|
|
|a 92
|b IKM
|
| 999 |
|
|
|a MARS
|
| 999 |
f |
f |
|s d7354c6e-dad2-3792-8638-177d72d42860
|i 088f1494-87fb-3aa0-a072-3807297d412d
|t 0
|
| 952 |
f |
f |
|a Texas A&M University
|b College Station
|c Electronic Resources
|d Available Online
|t 0
|e HD9560.5 .P76 1997eb
|h Library of Congress classification
|
| 998 |
f |
f |
|a HD9560.5 .P76 1997eb
|t 0
|l Available Online
|